Представление документа в формате RUSMARC

ПолеНазваниеЗначение
  Тип записи a
  Библиографический уровень m
001 Контрольный номер RU/SLIB/B/208790931
005 Дата корректировки 20201206204419.4
010 Индекс ISBN __
a ISBN 5-7695-1713-1
d Цена 186-00; 195-00
101 Язык документа 0_
a Язык текста rus
c Язык оригинала rus
200 Заглавие и сведения об ответственности 1_
a Заглавие Нейрофизиология и высшая нервная деятельность детей и подростков
e Сведения, относящиеся к заглавию учеб. для студентов вузов
f Первые сведения об ответственности В. М. Смирнов
b Общее обозначение материала Текст
205 Сведения об издании __
a Основные сведения об издании 2-е изд., стер.
210 Выходные данные __
a Место издания М.
c Издательство Academia
d Дата издания 2004
215 Физическое описание __
a Объем 395, [2] с.
225 Серия __
a Серия Высшее профессиональное образование
i Наименование части Педагогические специальности
320 Библиография __
a Библиография Список лит.: с. 391 (15 назв.)
330 Аннотация __
a Аннотация В пособии рассмотрены общие закономерности функционирования ЦНС детей и подростков, нейронная организация ЦНС, механизмы возбуждения и торможения нейронов ЦНС, медиаторы и их физиологическая роль, рефлекторный принцип деятельности ЦНС.
606 Тематические рубрики __
a Основная рубрика Здравоохранение. Медицинские науки
606 Тематические рубрики __
a Основная рубрика Педиатрия
610 Ключевые слова __
a Ключевые слова нейрофизиология; нейрофизиологические механизмы; детская психиатрия; подростковая психиатрия; гормональная регуляция; нейроны; ЦНС; онтогенез; детская возбудимость; центральная нервная система; высшая нервная деятельность
686 Индексы других классификаций __
a Классификационный индекс 57.336.12я73
700 Автор _1
a Фамилия Смирнов
b Имя В. М.
g Полное личное имя Виктор Михайлович
4 Код отношения 070
801 Источник записи _0
a Страна RU
b Организация Муниципальное бюджетное учреждение культуры "Централизованная библиотечная система" г. Сургут (Центральная городская библиотека им. А. С. Пушкина)
g Правила каталогизации КиК/Поспелова
801 Источник записи _1
a Страна RU
b Организация Муниципальное бюджетное учреждение культуры "Централизованная библиотечная система" г. Сургут (Центральная городская библиотека им. А. С. Пушкина)
g Правила каталогизации КиК/Поспелова
852 Данные о местонахождении __
j Шифр хранения 57.336.12я73
c Каталожный индекс 57.31я73
i Авторский знак С 50
901 Тип документа __
t Тип документа m
903 Характеристики (МАРС) __
a Дата передачи 20060726
969 Тип издания __
a Тип издания учебное пособие
990 Данные о заказе (DOS) __
j Количество экземпляров (DOS) 4
t N записи в КСУ для И/У (DOS) 200608